[Event "Madrid-ch Previa-B"]
[Site "Madrid"]
[Date "2018.02.02"]
[Round "2"]
[White "Marquez Leon, Juan Antonio"]
[Black "Martin Rodriguez, Jose Luis"]
[Result "1-0"]
[WhiteElo "1740"]
[BlackElo "1300"]
[PlyCount "43"]
[EventDate "2018.02.01"]
[EventType "swiss"]
[EventRounds "9"]
[EventCountry "ESP"]
[SourceTitle "EXT 2020"]
[Source "ChessBase"]
[SourceDate "2019.10.17"]
[SourceVersion "1"]
[SourceVersionDate "2019.10.17"]
[SourceQuality "1"]

1. d4 Nf6 2. Nf3 e6 3. c4 Bb4+ 4. Nc3 c5 5. a3 cxd4 6. axb4 dxc3 7. bxc3 0-0 8. Bg5 h6 9. Bh4 d6 10. e3 Nbd7 11. Qxd6 Qe8 12. Bd3 Ng4 13. Be7 Nge5 14. Nxe5 Nxe5 15. Bxf8 Nxd3+ 16. Qxd3 Qxf8 17. Rd1 b6 18. Qd8 Qxd8 19. Rxd8+ Kh7 20. 0-0 Bb7 21. Rxa8 Bxa8 22. Ra1 1-0

[Event "Madrid San Viator op-B 26th"]
[Site "Madrid"]
[Date "2016.06.05"]
[Round "9"]
[White "Marquez Leon, Juan Antonio"]
[Black "Mateos Cordero, Francisco"]
[Result "1-0"]
[WhiteElo "1588"]
[BlackElo "1623"]
[PlyCount "63"]
[EventDate "2016.04.03"]
[EventType "swiss"]
[EventRounds "9"]
[EventCountry "ESP"]
[SourceTitle "EXT 2017"]
[Source "ChessBase"]
[SourceDate "2016.10.25"]
[SourceVersion "1"]
[SourceVersionDate "2016.10.25"]
[SourceQuality "1"]

1. d4 Nf6 2. Nf3 g6 3. e3 Bg7 4. c4 d5 5. Nc3 c6 6. Be2 0-0 7. Bd2 e6 8. 0-0 Nbd7 9. Rc1 c5 10. cxd5 exd5 11. dxc5 Nxc5 12. Nb5 Ne6 13. Bb4 Re8 14. Nd6 Bf8 15. Nxe8 Bxb4 16. Nxf6+ Qxf6 17. Qxd5 Nd8 18. a3 Be6 19. Qd4 Be7 20. Qxf6 Bxf6 21. Nd4 a6 22. Nxe6 Nxe6 23. b4 Bb2 24. Rc2 Bxa3 25. Rb1 a5 26. bxa5 Bc5 27. Rb5 b6 28. axb6 Bxb6 29. Rxb6 Ra1+ 30. Bf1 Ng5 31. Rb8+ Kg7 32. Rbc8 1-0